Crisis and neoliberal reforms in Africa (Record no. 137746)
[ view plain ]
| 000 -LEADER | |
|---|---|
| fixed length control field | 01336nam a2200301Ia 4500 |
| 100 1# - MAIN ENTRY--AUTHOR NAME | |
| Personal name | Konings, Piet. |
| 245 10 - TITLE STATEMENT | |
| Title | Crisis and neoliberal reforms in Africa |
| 260 ## - PUBLICATION, DISTRIBUTION, ETC. (IMPRINT) | |
| Place of publication | Bamenda : |
| Name of publisher | Langaa RPCIG ; |
| Place of publication | Leiden, The Netherlands : |
| Name of publisher | African Studies Centre, |
| Year of publication | c2011. |
| 300 ## - PHYSICAL DESCRIPTION | |
| Number of Pages | xiii, 262 p. : |
| Other physical details | ill. |
| 650 #0 - SUBJECT ADDED ENTRY--TOPICAL TERM | |
| Topical Term | Agriculture |
| 856 40 - ELECTRONIC LOCATION AND ACCESS | |
| Uniform Resource Identifier | http://site.ebrary.com/lib/rucke/Doc?id=10448524 |
No items available.
